Statistics for Jack The Ripper: Investigators, Suspects And Victims

Click here to take the quiz!

General Stats

  • This quiz has been taken 24 times
  • The average score is 6 of 16

Answer Stats

HintAnswer% Correct
It's debated if she's part of the Canonical 5Elizabeth Stride
79%
Known as 'Fair Emma', 'Ginger' and 'Black Mary'Mary Jane Kelly
79%
One of the Double EventCatherine Eddowes
67%
Coincedentally, this victim shared a surname with a poisoner.Annie Chapman
63%
This victim was stabbed 39 timesMartha Tabram
46%
This schoolteacher was suspected after his suicide in December 1888Montague Druitt
33%
A 'mad jew' mentioned in the memoirs of a Met assistant commissioner.Aaron Kosminski
33%
Suspected of being involved in a royal conspiracy.Prince Albert Victor
33%
Patricia Cornwell named this person as the killer.Walter Sickert
29%
The first of the Canonical 5Mary Ann Nicholls
25%
This Met chief inspector has been played by Michael Caine and Johnny Depp.Frederick Abberline
25%
A poisoner and the favoured suspect of a Met chief inspector.George Chapman
21%
Another suspect of involvement in a royal conspiracy.Sir William Gull
21%
A year after the last canonical victim, the killer struck again.Alice Mckenzie
8%
A soldier was arrested for this fatal throat cutting.Frances Cole
8%
This victim died from a ruptured peritoneumEmma Elizabeth Smith
4%

Score Distribution

Percentile by Number Answered

Percent of People with Each Score

Your Score History

You have not taken this quiz